Αρχαιολογία [και] τέχνες

Αποθηκεύτηκε σε:
Λεπτομέρειες βιβλιογραφικής εγγραφής
Νέος τίτλος:Αρχαιολογία ( 1995 )
Μορφή: Περιοδική έκδοση
Γλώσσα:Greek
Δημοσίευση: Αθήνα : Ίδρυμα Μελετών Λαμπράκη, 1981-
Θέματα:
Διαθέσιμο Online:http://www.archaiologia.gr
Ετικέτες: Προσθήκη ετικέτας
Δεν υπάρχουν, Καταχωρήστε ετικέτα πρώτοι!

MARC

LEADER 00000cas a2200000 i 4500
001 1/45221
008 031124c19819999gr |||||||||||| ||gre||
022 |a 1108-2402 
035 |l 10071687 
040 |a GR-My-Ua  |b gre  |e AACR2  
041 0 |a gre 
082 0 |a 930.105   |2 (23)  
210 0 |a Αρχαιολ. Τέχνες  
222 0 |a Αρχαιολογία & Τέχνες  
245 0 0 |a Αρχαιολογία [και] τέχνες   |h [περιοδικό] : 
246 0 |a Αρχαιολογία & τέχνες  
246 0 |a Αρχαιολογία  
260 |a Αθήνα :   |b Ίδρυμα Μελετών Λαμπράκη,   |c 1981-  
300 |a  τ. :   |b εικ. ;   |c 28 εκ.  
310 |a Τριμηνιαίο,   |b 1981-  
500 |a Προσφέρεται συνοδευτικό υλικό: Μηνιαίο ενημερωτικό φυλλάδιο Αρχαιολογία και τέχνες: Φυλλάδιο 7 (Μάρτιος 2001), φυλλάδιο 8 (Απρίλιος 2001), φυλλάδιο 16 (Δεκέμβριος 2001), φυλλάδιο 78 (Φεβρουάριος 2007). Το περιοδικό διατίθεται και ηλεκτρονικά στο διαδίκτυο. 
500 |3 Η βιβλιοθήκη του παραρτήματος Ρόδου έχει στην συλλογή της τα εξής τεύχη : Τεύχος 16 (1985), τεύχος 49 (1993) έως 85Β (2002) πλήρης. Επίσης έχει τα τεύχη 86-88 (2003), τεύχος 89 (2003) δεν υπάρχει, τεύχος 90 (2004) έως το 118 (2010) πλήρης. Το περιοδικό το 1995 εμφανίζεται με τον τίτλο : Αρχαιολογία ως και το 2010.  
525 |a Συμπληρωματικά τεύχη: τεύχος 91 ( Ιούνιος 2004) και τεύχος 113 (Δεκέμβριος 2009) Παράρτημα. 
650 0 0 |a Archaeology  |x Periodicals. 
650 0 0 |a Arts  |x Periodicals. 
785 0 2 |t Αρχαιολογία ( 1995 ) 
853 |a INST  |b LESVOS  |c SER  |h 930.1 
853 |a INST  |b RHODES  |c SER  |h 930.105 
856 |u http://www.archaiologia.gr 
901 |a BIBL1-2004-1 
922 |a 4ΕΛΗ  |b 1994  |c ΒΙΒΛΙΟΘΗΚΗ ΡΟΔΟΥ  |d ΒΛΑΧΑΚΟΣ 
922 |a 1ΕΛΗ  |b 200101  |c ΤΑΚ/ΠΤΕ 
970 |a Χοροζίδου  |b Τζένη  |z 2003/11/24